000 00724pam a2200241 a 4500
001 2960399
005 20180122072531.0
008 910603s1992 njua b 001 0 eng
010 _a 91023577
020 _a0130074691
040 _aDLC
_cDLC
_dDLC
041 _aeng
043 _an-us---
080 _a305.235 ATW
082 0 0 _a305.235 ATW
_220
100 1 _a50
101 _aSOC
245 1 0 _aAdolescence /
_cEastwood Atwater.
504 _aIncludes bibliographical references (p. 415-425) and indexes.
906 _a7
_bcbc
_corignew
_d1
_eocip
_f19
_gy-gencatlg
942 _2ddc
_cBK
999 _c40660
_d40660